[Event "Titled Tue 26th Aug Early"]
[Site "chess.com INT"]
[Date "2025.08.26"]
[Round "11"]
[White "Korchynskyi, Mykola"]
[Black "Liang, Awonder"]
[Result "1/2-1/2"]
[WhiteTitle "FM"]
[BlackTitle "GM"]
[WhiteElo "2359"]
[BlackElo "2696"]
[WhiteFideId "34138005"]
[BlackFideId "2056437"]
[EventDate "2025.08.26"]

1. d4 b6 2. c4 Bb7 3. Nc3 Nf6 4. Nf3 e6 5. g3 Be7 6. Bg2 O-O 7. O-O Ne4 8. Qc2
f5 9. Nd2 Nxc3 10. Qxc3 Bxg2 11. Kxg2 Bf6 12. Nf3 Nc6 13. Rd1 a5 14. Qd3 Qb8 15.
d5 Nb4 16. Qb3 Qb7 17. Be3 Rae8 18. dxe6 dxe6 19. a3 Nc6 20. Kg1 h6 21. Rd7 Nb8
22. Rd2 Qc6 23. Rad1 a4 24. Qb5 Rd8 25. Bd4 Qxb5 26. cxb5 Be7 27. Be5 Rxd2 28.
Rxd2 Rc8 29. Rc2 Nd7 30. Rc4 Nxe5 31. Nxe5 Bd6 32. Nc6 Ra8 33. e4 fxe4 34. Rxe4
Kf7 35. f4 Kf6 36. Kf2 Kf5 37. Kf3 h5 38. Nd4+ Kf6 39. Rxe6+ Kf7 40. Re4 Be7 41.
Nc6 Bf6 42. Ne5+ Ke6 43. Rc4 Bxe5 44. fxe5 Ra5 45. Rxc7 Rxb5 46. Rxg7 Rxb2 47.
Kf4 Rf2+ 48. Ke4 Re2+ 49. Kf4 Rf2+ 50. Ke4 Re2+ 51. Kf4 Rxh2 52. Rg6+ Kd5 53.
Rxb6 Rf2+ 54. Kg5 Kxe5 55. Rb5+ Ke6 56. Rb6+ Ke5 57. Rb5+ Ke6 58. Rb6+ Kd5 59.
Rb5+ Kd6 60. Rb4 Rf3 61. Rxa4 Rxg3+ 62. Kxh5 Kc6 63. Kh4 Rg1 64. Rg4 Rh1+ 65.
Kg3 Ra1 66. Kf4 Rxa3 67. Rg6+ Kd5 68. Rg5+ Kd4 69. Rg4 Ra1 70. Kg5+ Ke5 71. Rg3
Ra5 72. Re3+ Kd4+ 73. Kf4 Ra8 74. Re4+ Kd3 75. Re3+ Kd2 76. Re5 Kc3 77. Ke4 Ra4+
78. Ke3 Rc4 79. Re4 Rc8 80. Re5 Kc4 81. Re4+ Kd5 82. Rd4+ Ke5 83. Re4+ Kf5 84.
Rf4+ Kg5 85. Re4 Rd8 86. Rd4 Ra8 87. Kd3 Kf5 88. Rc4 Ke5 89. Re4+ Kf5 90. Rd4
Ra3+ 91. Kc4 Ke5 92. Rd5+ Ke6 93. Rd4 Ra1 94. Kd3 Ke5 95. Re4+ Kf5 96. Re2 Ra3+
97. Kd4 Ra4+ 98. Kd5 Rf4 99. Re8 Kg6 100. Rg8+ Kf7 101. Ra8 Rf5+ 102. Ke4 Rf1
103. Ke5 Re1+ 104. Kf5 Rf1+ 105. Ke5 Rf2 106. Ra6 Re2+ 107. Kf5 Rf2+ 108. Ke5
Rf1 109. Rb6 Kg7 110. Rc6 Rf2 111. Rc3 Re2+ 112. Kf5 Rf2+ 113. Kg5 Rf7 114. Rc6
Ra7 115. Rc5 Kf7 116. Kf5 Ke7 1/2-1/2

[Event "Titled Tue 26th Aug Early"]
[Site "chess.com INT"]
[Date "2025.08.26"]
[Round "11"]
[White "Southcott-Moyers, Indy"]
[Black "Babiarz, Arkadiusz"]
[Result "1/2-1/2"]
[WhiteTitle "FM"]
[BlackTitle "CM"]
[WhiteElo "2276"]
[BlackElo "2172"]
[WhiteFideId "488542"]
[BlackFideId "21804362"]
[EventDate "2025.08.26"]

1. Nf3 Nc6 2. c4 e5 3. Nc3 Bb4 4. e3 Nf6 5. Nd5 Be7 6. Nxe7 Qxe7 7. d4 exd4 8.
Nxd4 Nxd4 9. Qxd4 O-O 10. Be2 d6 11. O-O Bf5 12. b3 Rfe8 13. Bb2 Qe4 14. Qxe4
Nxe4 15. Rfd1 Re6 16. f3 Nf6 17. e4 Bg6 18. Bf1 Rae8 19. Rac1 Nd7 20. b4 Ne5 21.
c5 dxc5 22. bxc5 Nc6 23. Bc4 R6e7 24. Bd5 Kf8 25. h4 f6 26. g4 Bf7 27. h5 Bxd5
28. exd5 Ne5 29. Kf2 Kf7 30. a4 Nxg4+ 31. fxg4 Re2+ 32. Kf3 Rxb2 33. d6 c6 34.
d7 Rd8 35. Rd6 Rb4 36. h6 g5 37. Kg3 Rxa4 38. Rf1 Rf4 39. Rb1 b5 40. cxb6 axb6
41. Rxb6 Ke7 42. Rbxc6 Re4 43. Ra6 Re1 44. Rd3 Rh1 45. Re3+ Kxd7 46. Ra7+ Kc6
47. Rxh7 Rdd1 48. Rc3+ Kb6 49. Rh8 Rdg1+ 50. Kf2 Rxg4 51. h7 Rgh4 52. Rb8+ Ka7
53. Rb5 R1h2+ 54. Ke1 Rh1+ 55. Kd2 R4h2+ 56. Kd3 Rh3+ 57. Kd4 Rxc3 58. Kxc3 Rxh7
59. Kd4 Re7 60. Kd3 Ka6 61. Rb1 Re6 62. Kd4 Rb6 63. Rc1 Kb7 64. Ke4 Rc6 65. Rd1
Kc7 66. Kf5 Rd6 67. Rc1+ Kd7 68. Ra1 Rc6 69. Ra7+ Rc7 70. Ra5 Ke7 71. Ra6 Rc5+
72. Kg4 Kf7 73. Ra7+ Kg6 74. Ra6 Rc4+ 75. Kg3 Rc5 76. Kg4 Rc4+ 77. Kg3 Rb4 78.
Kf3 Kf5 79. Ra5+ Kg6 80. Ra6 Rb1 81. Kg4 Rg1+ 82. Kf3 Kh5 83. Kf2 Rb1 84. Rxf6
Kg4 85. Ra6 Rb2+ 86. Kg1 Kh4 87. Ra4+ g4 88. Ra3 g3 89. Ra8 Rb1+ 90. Kg2 Rb2+
91. Kg1 Kg4 92. Rg8+ Kf3 93. Rf8+ Ke3 94. Re8+ Kf4 95. Rf8+ Kg4 96. Rg8+ Kh4 97.
Rh8+ Kg4 98. Rg8+ 1/2-1/2

[Event "Titled Tue 26th Aug Early"]
[Site "chess.com INT"]
[Date "2025.08.26"]
[Round "11"]
[White "Rahman, Masruri"]
[Black "Vasquez Schroeder, Rodrigo"]
[Result "1/2-1/2"]
[WhiteTitle "IM"]
[BlackTitle "GM"]
[WhiteElo "2407"]
[BlackElo "2446"]
[WhiteFideId "7101163"]
[BlackFideId "3400042"]
[EventDate "2025.08.26"]

1. d4 d5 2. Bf4 c5 3. e3 cxd4 4. exd4 Nc6 5. c3 Bf5 6. Nd2 e6 7. Ngf3 Bd6 8. Bg3
Nf6 9. Be2 O-O 10. O-O Qc7 11. Re1 h6 12. Rc1 Rfd8 13. Bb5 Qb6 14. Bxc6 bxc6 15.
Bxd6 Rxd6 16. b3 c5 17. c4 Rc8 18. cxd5 Rxd5 19. Qe2 Rdd8 20. Nc4 Qa6 21. Qb2
Be4 22. Ncd2 Bxf3 23. Nxf3 Qb6 24. dxc5 Rxc5 25. Rxc5 Qxc5 26. h3 Nd5 27. Rc1
Qb6 28. Rc4 Nb4 29. Rg4 Rd1+ 30. Kh2 Qd6+ 31. Qe5 Qxe5+ 32. Nxe5 Nxa2 33. Ra4
Nc1 34. Rxa7 f6 35. Ng6 Nxb3 36. h4 Rd8 37. Re7 Nd4 38. h5 e5 39. f4 Nf5 40. Ra7
e4 41. Ne7+ Nxe7 42. Rxe7 f5 43. Re5 Rf8 44. g4 fxg4 45. Kg3 Kf7 46. Rxe4 Rd8
47. Kxg4 Rd1 48. Ra4 Rg1+ 49. Kf5 Kg8 50. Ra7 Kh7 51. Ra5 Rh1 52. Kg4 Rg1+ 53.
Kf3 Rd1 54. Kg4 Rd6 55. Ra7 Rf6 56. f5 Kg8 57. Ra8+ Kh7 58. Ra7 Rb6 59. Ra4 Rb1
60. Ra7 Rg1+ 61. Kf4 Rg2 62. Ke5 Re2+ 63. Kf4 Rh2 64. Kg4 Rg2+ 65. Kf4 Kg8 66.
Ra8+ Kf7 67. Ra7+ Kf8 68. Ra8+ Ke7 69. Ra7+ Kd6 70. Ra6+ Kd5 71. Ra5+ Kd6 72.
Ra6+ Ke7 73. Ra7+ Kf6 74. Ra6+ Kf7 75. Ra7+ Kg8 76. Ra8+ Kh7 77. Ra7 Rg1 78. Ke4
Rf1 79. Ke5 Kg8 80. Ra8+ Kh7 81. Ra7 Rh1 82. Ke6 Re1+ 83. Kd5 Kg8 84. Kd4 Kf8
85. Kd5 Rh1 86. Ke6 Re1+ 87. Kd6 Kg8 88. Kd5 Rh1 89. Ke6 Rxh5 90. f6 gxf6 91.
Kxf6 Rg5 92. Ra8+ Kh7 93. Ra7+ Kh8 94. Ra8+ Rg8 95. Rxg8+ Kxg8 96. Kg6 Kf8 97.
Kxh6 1/2-1/2

[Event "Titled Tue 26th Aug Early"]
[Site "chess.com INT"]
[Date "2025.08.26"]
[Round "11"]
[White "Kalyani Sirin"]
[Black "Nandish V S"]
[Result "0-1"]
[WhiteTitle "WFM"]
[BlackTitle "CM"]
[WhiteElo "2162"]
[BlackElo "2251"]
[WhiteFideId "33323500"]
[BlackFideId "45084297"]
[EventDate "2025.08.26"]

1. e4 c5 2. Nf3 g6 3. c4 Bg7 4. Nc3 Nc6 5. g3 e6 6. Bg2 Nge7 7. O-O O-O 8. d3 d5
9. Rb1 h6 10. Bd2 b6 11. a3 Bb7 12. b4 cxb4 13. axb4 dxc4 14. dxc4 Nd4 15. Nxd4
Qxd4 16. Qe2 Rac8 17. c5 bxc5 18. Nb5 Qd7 19. Rfd1 Ba6 20. bxc5 Rxc5 21. Bb4
Qxb5 22. Qxb5 Rxb5 23. Bxe7 Rfb8 24. Rbc1 Rb2 25. Rc7 Rb1 26. Rd7 Rxd1+ 27. Rxd1
Kh7 28. h4 Rb7 29. Bc5 Bc4 30. e5 Rb5 31. Bxa7 Rxe5 32. Rd7 Kg8 33. Rd8+ Kh7 34.
Rd7 Re1+ 35. Kh2 e5 36. Be3 Be6 37. Ra7 Re2 38. Bf3 Rb2 39. g4 f5 40. gxf5 gxf5
41. h5 Rb5 42. Bc6 Rb8 43. Rc7 Rf8 44. Bg2 Bf7 45. Bf3 Be6 46. Be2 Rf7 47. Rc6
Bd5 48. Rd6 Be4 49. f3 Bb7 50. Kg2 Bf8 51. Rd8 Bg7 52. Rd6 Bc8 53. Rc6 Bd7 54.
Rd6 Bf8 55. Rd1 e4 56. fxe4 fxe4 57. Bc4 Rg7+ 58. Kf2 Be7 59. Bd5 Bh4+ 60. Kf1
Bh3+ 61. Ke2 Bg4+ 62. Kd2 Bxd1 63. Bxe4+ Kg8 64. Kxd1 Re7 65. Bd5+ Kh7 66. Bd2
Bg5 67. Bxg5 hxg5 68. Bf3 Kg7 69. Be2 Kf6 70. Ke1 Kf5 71. Kf2 Kf4 72. Bd3 g4 73.
h6 Ra7 74. h7 Ra2+ 75. Kg1 Ra8 76. Bc4 Rh8 77. Bg8 Kg3 78. Kf1 Kf3 79. Bd5+ Kg3
80. Bg8 Kh2 0-1

[Event "Titled Tue 26th Aug Early"]
[Site "chess.com INT"]
[Date "2025.08.26"]
[Round "11"]
[White "Smirnov, Mark"]
[Black "Aghasiyev, Kamal"]
[Result "1/2-1/2"]
[WhiteTitle "FM"]
[BlackTitle "IM"]
[WhiteElo "2359"]
[BlackElo "2441"]
[WhiteFideId "13764594"]
[BlackFideId "13402854"]
[EventDate "2025.08.26"]

1. b3 d5 2. Bb2 e6 3. f4 Nf6 4. Nf3 g6 5. g3 Bg7 6. Bg2 O-O 7. O-O c5 8. e3 Nc6
9. d3 b6 10. Qe2 Bb7 11. e4 dxe4 12. dxe4 Nd4 13. Nxd4 cxd4 14. e5 Bxg2 15. Kxg2
Qd5+ 16. Qf3 Ng4 17. Qxd5 Ne3+ 18. Kf3 exd5 19. Rf2 Nd1 20. Rd2 Nxb2 21. c3 f6
22. cxd4 fxe5 23. Rxb2 exd4 24. Na3 d3 25. Rbb1 Bxa1 26. Rxa1 Rac8 27. Rd1 Rc5
28. Rxd3 a5 29. Nb1 Rfc8 30. Kg4 Kf7 31. Nd2 Ke6 32. Nf3 Rc3 33. Nd4+ Kf6 34.
Rd2 a4 35. Re2 axb3 36. axb3 Kf7 37. f5 Rd3 38. fxg6+ hxg6 39. Nf3 Rxb3 40. Ng5+
Kg8 41. Re6 Rc4+ 42. Kh3 Kg7 43. Rd6 b5 44. Rxd5 b4 45. Kg2 Rc2+ 46. Kh3 Rbb2
47. Kg4 Rxh2 48. Rd7+ Kf6 49. Rf7+ Ke5 50. Nf3+ Ke6 51. Rg7 Kf6 52. Rb7 Rhc2 53.
Rb6+ Kg7 54. Ne5 Re2 55. Rxg6+ Kh7 56. Re6 b3 57. Kg5 Re4 58. Re7+ Kg8 59. Kf6
Rf2+ 60. Kg6 b2 61. Rb7 Kf8 62. Nd7+ Ke8 63. Nf6+ Rxf6+ 64. Kxf6 Rg4 65. Rb8+
Kd7 66. Rxb2 Rxg3 67. Rd2+ Kc6 68. Rc2+ Kd5 69. Rc8 Ke4 70. Rc4+ Kf3 71. Kf5 Rg1
72. Rc3+ Ke2 73. Ke4 Kd2 74. Rh3 Re1+ 75. Kd4 Re2 76. Ra3 Ke1 77. Rf3 Kd2 78.
Rf4 Ke1 79. Kd3 Rd2+ 80. Kc3 Re2 81. Ra4 Kf2 82. Kd3 Re3+ 83. Kd4 Re2 84. Ra8
Rd2+ 85. Ke4 Re2+ 86. Kd3 Re3+ 87. Kd4 Re2 88. Rf8+ Ke1 89. Rh8 Rd2+ 90. Kc3 Re2
91. Kd3 Rd2+ 92. Ke3 Re2+ 93. Kf3 Rf2+ 94. Kg3 Rf7 95. Rd8 Ke2 96. Re8+ Kd3 97.
Kg4 Kd4 98. Kg5 Kd5 99. Kg6 Rf1 100. Kg7 Kd4 101. Rf8 Rxf8 102. Kxf8 1/2-1/2

[Event "Titled Tue 26th Aug Early"]
[Site "chess.com INT"]
[Date "2025.08.26"]
[Round "11"]
[White "Ganiev, Artur"]
[Black "Mamedov, Edgar"]
[Result "1/2-1/2"]
[BlackTitle "GM"]
[WhiteElo "2247"]
[BlackElo "2490"]
[WhiteFideId "34391550"]
[BlackFideId "13739980"]
[EventDate "2025.08.26"]

1. e4 c5 2. d4 cxd4 3. Qxd4 Nc6 4. Qd3 e6 5. Nc3 a6 6. Bf4 b5 7. O-O-O Bb7 8.
Kb1 Rc8 9. Nf3 Nf6 10. e5 Nb4 11. Qd2 Ne4 12. Nxe4 Bxe4 13. Bd3 Rxc2 14. Bxc2
Nxc2 15. Ng5 Bg6 16. h4 Bb4 17. Qxd7+ Qxd7 18. Rxd7 Kxd7 19. h5 Bd3 20. Rd1 Ne1+
21. Ka1 Rc8 22. a3 Ba5 23. b4 Bb6 24. Be3 Nc2+ 25. Kb2 Nxe3 26. fxe3 Rc2+ 27.
Kb3 Rxg2 28. Rxd3+ Ke7 29. Ne4 Re2 30. Nc5 a5 31. Rd7+ Ke8 32. Rb7 Rxe3+ 33. Kc2
Bxc5 34. bxc5 Rxe5 35. Rxb5 Kd7 36. Rxa5 Kc6 37. Ra7 Rxc5+ 38. Kd3 Rxh5 39. Rxf7
Rg5 40. Ke4 h5 41. Kf4 Rg4+ 42. Kf3 Rg1 43. Re7 h4 44. Kf2 Rg6 45. Re8 h3 46.
Rh8 Rg2+ 47. Kf3 Ra2 48. Kg4 Rxa3 49. Rh7 Rb3 50. Kf4 Kd5 51. Rh8 Kd4 52. Kg4
Kc5 53. Rd8 Rb4+ 54. Kg5 Rd4 55. Rh8 Rd3 56. Kg4 Kd4 57. Kf4 e5+ 58. Kg4 e4 59.
Rd8+ Kc3 60. Ra8 e3 61. Ra2 Rd2 62. Ra3+ Kd4 63. Ra4+ Kd3 64. Ra3+ Kd4 65. Ra4+
Kc5 66. Kxh3 e2 67. Re4 Kd5 68. Re8 Kd4 69. Kg3 Kd3 70. Kf2 Ra2 71. Re3+ Kd4 72.
Re7 g5 73. Rg7 Kd3 74. Rd7+ Ke4 75. Re7+ Kf4 76. Rf7+ Kg4 77. Rg7 Rb2 78. Rg8
Kh4 79. Rh8+ Kg4 80. Rg8 Rc2 81. Rg7 Kf5 82. Rf7+ Kg6 83. Re7 Rb2 84. Re8 g4 85.
Rg8+ Kh5 86. Re8 Kh4 87. Rh8+ Kg5 88. Rg8+ Kf5 89. Rf8+ Ke6 90. Rg8 Kf5 91. Rf8+
Ke5 92. Re8+ Kf4 93. Rf8+ Ke4 94. Re8+ Kd5 95. Rg8 Ke4 96. Re8+ Kd3 97. Rd8+ Kc3
98. Rc8+ Kd4 99. Rd8+ Kc5 100. Rg8 Kd4 101. Rd8+ Ke5 102. Re8+ Kf6 103. Rf8+ Kg7
104. Rf4 g3+ 105. Ke1 Kh6 106. Rg4 Rb3 107. Kxe2 Kh5 108. Rg8 Kh4 109. Rh8+ Kg4
110. Kf1 Kf3 111. Rf8+ Kg4 112. Rg8+ Kh3 113. Rh8+ Kg4 114. Rg8+ Kh3 115. Rh8+
Kg4 116. Rg8+ 1/2-1/2

[Event "Titled Tue 26th Aug Early"]
[Site "chess.com INT"]
[Date "2025.08.26"]
[Round "11"]
[White "Ambartsumian, Tyhran"]
[Black "Svane, Rasmus"]
[Result "1-0"]
[WhiteTitle "CM"]
[BlackTitle "GM"]
[WhiteElo "2244"]
[BlackElo "2619"]
[WhiteFideId "34161112"]
[BlackFideId "4657101"]
[EventDate "2025.08.26"]

1. e4 c6 2. d4 d5 3. exd5 cxd5 4. Bd3 Nc6 5. c3 Qc7 6. h3 g6 7. Ne2 Nf6 8. Bf4
Qb6 9. Qb3 Bf5 10. Qxb6 axb6 11. Bb5 Bg7 12. Nd2 O-O 13. Ng3 Bd7 14. O-O Rfc8
15. Ne2 Kf8 16. Bh2 e6 17. Rfe1 Na5 18. Bxd7 Nxd7 19. Nf4 b5 20. Nd3 Nc4 21. Nb3
b6 22. a3 Nb8 23. Re2 Nc6 24. Rae1 Kg8 25. g4 Rd8 26. Kg2 Rd7 27. Bg3 Rc8 28. h4
Bf6 29. Kh3 Kg7 30. Bf4 Be7 31. Kg3 Bd6 32. f3 Rh8 33. Bxd6 Nxd6 34. Nd2 Rdd8
35. Ne5 Nxe5 36. Rxe5 h5 37. g5 Rd7 38. R5e2 Ra8 39. Nf1 Rc7 40. Ne3 Kf8 41. Kf4
Kg7 42. Ke5 Rd8 43. Kf4 Kf8 44. Kg3 Re8 45. Kf4 Ree7 46. Kg3 Ke8 47. Kf4 Kd8 48.
Kg3 Re8 49. Kh3 Rce7 50. Nc2 Kd7 51. Nb4 Nf5 52. Nd3 Nd6 53. Ne5+ Kc7 54. Nd3
Nc4 55. Nf4 Kd6 56. Nd3 Ra7 57. Ne5 Nxe5 58. Rxe5 Rf8 59. Kg3 Re7 60. R5e2 f6
61. gxf6 Rxf6 62. Re5 Ref7 63. R1e3 Kd7 64. Rg5 Kd6 65. Rge5 Rg7 66. Rg5 Rf5 67.
Re5 Ke7 68. Rgxf5 gxf5+ 69. Kf2 Kf6 70. Re1 f4 71. Re5 b4 72. axb4 Ra7 73. Re2
Ra1 74. Re5 Rb1 75. Re2 Rd1 76. Kg2 Rd3 77. Kf2 Rd1 78. Kg2 Ke7 79. Kf2 Kd6 80.
Re1 Rd2+ 81. Re2 Rd3 82. Re1 Kd7 83. Re5 Rd2+ 84. Kg1 Rxb2 85. Rxh5 Rc2 86. Rg5
Rxc3 87. Kg2 Ke7 88. h5 Kf6 89. Rg4 Kf5 90. h6 Rc8 91. h7 Rh8 92. Rg7 b5 93. Rb7
Kg6 94. Re7 Kf6 95. Rb7 Kg6 96. Rxb5 Rxh7 97. Rc5 Kf5 98. b5 Ra7 99. Kf2 Ra2+
100. Kf1 Rb2 101. Ke1 Rb4 102. Kd2 Rxd4+ 103. Kc3 Rd1 104. Kb4 Rb1+ 105. Ka5 Ke5
106. b6 Ra1+ 107. Kb5 Kd4 108. Rc2 Rb1+ 109. Kc6 Ke3 110. b7 Kxf3 111. Rc5 Ke4
112. Rb5 Rc1+ 113. Kd6 f3 114. b8=Q f2 115. Rb4+ Rc4 116. Rxc4+ dxc4 117. Qf8
Ke3 118. Qf6 Ke2 119. Qe5+ Kf3 120. Qf6+ Kg2 121. Qg5+ Kf3 122. Qh5+ Kg3 123.
Qe2 c3 124. Qf1 c2 125. Ke5 Kf3 126. Kd4 e5+ 127. Kd3 e4+ 128. Kxc2 e3 129. Kd3
e2 130. Qxe2+ Kg2 131. Ke3 Kh1 132. Kxf2 Kh2 133. Qh5# 1-0